Cenový manažment firmy a cena

Význam a miesto cenového manažmentu firmy. Cenový manažment ako spojnica medzi zabezpečením podnikových cieľov v oblasti financií a marketingových cieľov. Podstata a význam ceny. Chápanie ceny z viacerých hľadísk.

Gespeichert in:
Bibliographische Detailangaben
1. Verfasser: Kintler, Jakub, 1979-
Format: Buchkapitel
Sprache:Slowakisch
Schlagworte:
Tags: Tag hinzufügen
Keine Tags, Fügen Sie das erste Tag hinzu!

MARC

LEADER 00000nla$a2200000$$$4500
001 0108988
005 20240502072213.4
041 0 |a slo 
044 |a SK 
245 1 0 |a Cenový manažment firmy a cena  |c Jakub Kintler 
520 |a Význam a miesto cenového manažmentu firmy. Cenový manažment ako spojnica medzi zabezpečením podnikových cieľov v oblasti financií a marketingových cieľov. Podstata a význam ceny. Chápanie ceny z viacerých hľadísk. 
610 2 0 |a ceny 
610 2 0 |a tvorba cien 
610 2 0 |a manažment 
610 2 0 |a financie 
610 2 0 |a marketing 
610 2 0 |a hodnota 
610 2 0 |a kvalita 
610 2 0 |a náklady 
610 2 0 |a zisk 
100 1 |a Kintler, Jakub, 1979-